| 000 -ლიდერი |
| ფიქსირებული სიგრძის საკონტროლო ველი |
01327nam a2200277Ia 4500 |
| 001 - საკონტროლო ნომერი |
| საკონტროლო ველი |
7482 |
| 003 - საკონტროლო ნომრის იდენტიფიკატორი |
| საკონტროლო ველი |
GE_BSU |
| 005 - ბოლო ოპერაციის თარიღი და დრო |
| საკონტროლო ველი |
20231220164625.0 |
| 008 - ფიქსირებული სიგრძის მონაცემთა ელემენტები - ზოგადი ინფორმაცია |
| ფიქსირებული სიგრძის საკონტროლო ველი |
181216s2006||||ge |||||||||||||| ||geo|| |
| 020 ## - წიგნის საერთაშორისო სტანდარტული ნომერი |
| International Standard Book Number |
9994067745 |
| 040 ## - კატალოგიზაციის წყარო |
| Transcribing agency |
GE_BSU |
| 041 ## - ენის კოდი |
| Language code of text/sound track or separate title |
geo |
| 080 ## - უნივერსალური ათობითი კლასიფიკაციის ინდექსი |
| Universal Decimal Classification number |
821.111-2 ო-72 |
| 100 ## - მთავარი ჩანაწერი - პიროვნების სახელი |
| Personal name |
ოსბორნი, ჯონ |
| 9 (RLIN) |
20815 |
| 245 ## - ცნობა სათაურის შესახებ |
| Title |
განრისხებულმა მოიხედე : |
| Remainder of title |
პიესა 3 მოქმედებად / |
| Statement of responsibility, etc |
ჯონ ოსბორნი ; ინგლ. თარგმნ. ინგა მაცაბერიძე - პაპავამ ; რედ. მანანა ეჯიბია. |
| 250 ## - გამოცემის ცნობა |
| Edition statement |
1-ლი გამოცემა |
| 264 ## - წარმოების, გამოცემის, დისტრიბუციის და სხვა ცნობები |
| გამოცემის, წარმოების, დისტრიბუციის... ადგილი |
თბილისი : |
| გამოცემის, წარმოების, დისტრიბუციის... სახელწოდება |
კონსტანტინე, |
| გამოცემის, წარმოების, დისტრიბუციის... თარიღი |
2006. |
| 300 ## - ფიზიკური აღწერა |
| Extent |
136 გვ. ; |
| Dimensions |
16 სმ. |
| 500 ## - ზოგადი შენიშვნა |
| General note |
თარგმანი ეძღვნება ელენე შენგელიას ხსოვნას |
| 653 ## - INDEX TERM--UNCONTROLLED |
| Uncontrolled term |
განრისხებულმა მოიხედე |
| 653 ## - INDEX TERM--UNCONTROLLED |
| Uncontrolled term |
პიესა |
| 700 ## - ADDED ENTRY--PERSONAL NAME |
| Personal name |
მაცაბერიძე-პაპავა, ინგა |
| Relator term |
მთარგმნელი |
| 9 (RLIN) |
20816 |
| 700 ## - ADDED ENTRY--PERSONAL NAME |
| Personal name |
ეჯიბია, მანანა |
| Relator term |
რედაქტორი |
| 9 (RLIN) |
20817 |
| 942 ## - ADDED ENTRY ELEMENTS (KOHA) |
| Koha item type |
წიგნი |
| Source of classification or shelving scheme |
|